It looks like you're offline.
Open Library logo
additional options menu

MARC record from Internet Archive

LEADER: 00961cam 2200265 a 4500
001 10530850
005 20070907130115.0
008 750617s1898 nyua 001 0 eng
906 $a7$bcbc$cpremver$d2$encip$f18$gy-genrareb
955 $avj00$ivj21 2007-09-06 NEW INPUT$evj21 2007-09-07
010 $a 98001882
040 $aDLC$cDLC
050 00 $aBF1042$b.R6
051 $aBF1042$b.R6 Copy 3$cHas [4] p. of publisher's advertisements at end. Ink stamp: David S. Johnson.
100 1 $aSoo, Chung Ling,$d1861-1918.
245 10 $aSpirit slate writing and kindred phenomena /$cby William E. Robinson.
260 $aNew York City :$bMunn & Company,$c1898.
300 $av, 148 p. :$bill. ;$c20 cm.
500 $aIncludes index.
650 0 $aSpiritualism.
650 0 $aMagic tricks.
710 2 $aHarry Houdini Collection (Library of Congress)$5DLC
984 $agsl
985 $eOCLC REPLACEMENT
991 $bc-GenColl$hBF1042$i.R6$p00001478813$tCopy 1$wOCLCREP